[Event "Tournoi Skype 017B"]
[Site "Skype"]
[Date "????.??.??"]
[Round "5.26"]
[White "Bouffard, Georges"]
[Black "Douichi, Mohammed"]
[Result "1-0"]
[WhiteElo "1000"]
[BlackElo "1172"]
[PlyCount "99"]

1. d4 d5 2. c4 c6 3. e3 Nf6 4. Nc3 e6 5. b3 Bb4 6. Bb2 Bxc3+ 7. Bxc3 O-O 8.
cxd5 Nxd5 9. Bb2 Qa5+ 10. Qd2 Qxd2+ 11. Kxd2 b5 12. a3 a5 13. Ne2 b4 14. a4 Ba6
15. Nc1 Bxf1 16. Rxf1 Nd7 17. Nd3 N7f6 18. f3 Nc3 19. Bxc3 bxc3+ 20. Kxc3 Rab8
21. Nc5 Rb4 22. Na6 Rb6 23. Nc5 Rfb8 24. Ra3 Nd5+ 25. Kd3 Nb4+ 26. Kc3 Rd8 27.
Rd1 Rd5 28. Kc4 Rg5 29. g3 Rg4 30. fxg4 f5 31. g5 Nd5 32. Rd3 Kf7 33. Nd7 Rb4+
34. Kc5 Kg6 35. h4 Kh5 36. Ne5 Rb8 37. Nxc6 Rc8 38. Kd6 Nb4 39. Rc3 Kg4 40. Kd7
Rf8 41. Ne5+ Kxg3 42. e4+ Kf2 43. Rf3+ Ke2 44. exf5 exf5 45. Ke7 Rf6 46. gxf6
Nd5+ 47. Ke6 Nxf6 48. Ra2+ Ke1 49. Nd3+ Kd1 50. Rf1# 1-0

[Event "Tournoi Skype 017B"]
[Site "Skype"]
[Date "????.??.??"]
[Round "5.27"]
[White "Marty, Yvette"]
[Black "Guillaume, Mickael"]
[Result "0-1"]
[WhiteElo "1000"]
[BlackElo "1000"]
[PlyCount "60"]

1. e4 e5 2. Nc3 Nf6 3. Bc4 Bc5 4. Nf3 h6 5. Nxe5 O-O 6. Bxf7+ Rxf7 7. d4 Bb6 8.
O-O Nc6 9. Qd3 Qe8 10. Nd5 Nxd5 11. exd5 Nxe5 12. Qg3 Bxd4 13. c3 Bb6 14. Be3
d6 15. b4 Bg4 16. f3 Bxe3+ 17. Kh1 Bh5 18. Rae1 Bf4 19. Qh4 Rf5 20. Re4 Qf7 21.
Rfe1 g5 22. Qf2 g4 23. Kg1 gxf3 24. Kf1 fxg2+ 25. Kxg2 Rg5+ 26. Kh3 Bg4+ 27.
Kg2 Bh5+ 28. Kf1 Qf5 29. Rxf4 Qh3+ 30. Qg2 Qxg2# 0-1

[Event "Tournoi Skype 017B"]
[Site "Skype"]
[Date "????.??.??"]
[Round "5.28"]
[White "Alverson, Ginny"]
[Black "Gagnon, Sindy"]
[Result "1-0"]
[WhiteElo "1124"]
[BlackElo "1000"]
[PlyCount "65"]

1. Nf3 c5 2. d4 Na6 3. Nbd2 b6 4. e3 cxd4 5. Nxd4 e6 6. Bb5 Nc5 7. O-O Bd6 8.
f4 Ne7 9. Qg4 Nd5 10. Qxg7 Rf8 11. Qxh7 Nf6 12. Qg7 Ke7 13. f5 Nh5 14. Qg5+ f6
15. Qxh5 Rg8 16. Qh7+ Kf8 17. Qh6+ Rg7 18. Qh8+ Rg8 19. Qh6+ Rg7 20. Rf3 Qe7
21. fxe6 dxe6 22. Rxf6+ Kg8 23. Nc6 Qd7 24. Nd4 Qd8 25. Bc4 Qd7 26. Bxe6+ Nxe6
27. Nxe6 Rf7 28. Qg6+ Kh8 29. Rxf7 Qxf7 30. Qxf7 Bc5 31. Ne4 Bb7 32. N4g5 Rg8
33. Qh7# 1-0

[Event "Tournoi Skype 017B"]
[Site "Skype"]
[Date "????.??.??"]
[Round "5.29"]
[White "Tu, Harrison"]
[Black "Morin, Claude"]
[Result "0-1"]
[WhiteElo "1199"]
[BlackElo "1037"]
[PlyCount "50"]

1. e4 e5 2. Nf3 d6 3. d4 Nd7 4. Bc4 Qe7 5. O-O Ngf6 6. dxe5 Nxe4 7. Nbd2 Nec5
8. Nb3 dxe5 9. Qe2 e4 10. Nfd4 Nb6 11. Nxc5 Qxc5 12. Nb3 Qe5 13. Re1 Bb4 14.
Qxe4 f6 15. Qxe5+ fxe5 16. Bb5+ c6 17. Bxc6+ bxc6 18. Rxe5+ Kf7 19. Bf4 Bd6 20.
Rg5 Bxf4 21. Rxg7+ Kxg7 22. Re1 Bf5 23. Nd4 Rae8 24. Nxf5+ Kg6 25. g3 Rxe1+ 0-1

[Event "Tournoi Skype 017B"]
[Site "Skype"]
[Date "????.??.??"]
[Round "6.1"]
[White "Farthouat, Titoine"]
[Black "Bousbia, Amine"]
[Result "1-0"]
[WhiteElo "1398"]
[BlackElo "1418"]
[PlyCount "93"]

1. e4 c5 2. Nf3 d6 3. g3 Nc6 4. Bg2 e6 5. O-O Nf6 6. Re1 Be7 7. d3 O-O 8. Nbd2
Bd7 9. b3 Qb6 10. e5 Ng4 11. Bb2 f6 12. exd6 Bxd6 13. h3 Nge5 14. Ne4 Nxf3+ 15.
Qxf3 Be7 16. Rad1 e5 17. Kh2 Nd4 18. Bxd4 cxd4 19. Re2 f5 20. Nd2 Bc6 21. Qh5
Bf6 22. Bxc6 Qxc6 23. Rc1 g6 24. Qf3 Bg5 25. Qxc6 bxc6 26. h4 Bxd2 27. Rxd2
Rae8 28. Re1 f4 29. g4 f3 30. Kg3 h6 31. c3 c5 32. cxd4 cxd4 33. Rc2 e4 34.
Rxe4 Rxe4 35. dxe4 d3 36. Rd2 Rd8 37. Kxf3 Rd6 38. Ke3 Kf7 39. Rxd3 Ra6 40. a4
Re6 41. f3 Rc6 42. h5 g5 43. f4 gxf4+ 44. Kxf4 Rc1 45. g5 Rf1+ 46. Rf3 hxg5+
47. Kg4+ 1-0

[Event "Tournoi Skype 017B"]
[Site "Skype"]
[Date "????.??.??"]
[Round "6.2"]
[White "Cossalter, Maurizio"]
[Black "Briere, Jean"]
[Result "1-0"]
[WhiteElo "1447"]
[BlackElo "1487"]
[PlyCount "137"]

1. e4 e5 2. f4 d6 3. Nf3 Nc6 4. d4 exd4 5. Nxd4 Nxd4 6. Qxd4 c5 7. Qa4+ Bd7 8.
Bb5 Nf6 9. e5 dxe5 10. fxe5 Bxb5 11. Qxb5+ Qd7 12. Nc3 a6 13. Qxd7+ Nxd7 14.
Nd5 O-O-O 15. Bf4 g6 16. O-O-O b5 17. Rhe1 Bg7 18. e6 fxe6 19. Rxe6 Kb7 20. Re7
Bd4 21. c3 Kc6 22. cxd4 Kxd5 23. dxc5+ Kxc5 24. Rdxd7 Rc8 25. Rc7+ Kd5 26.
Red7+ Ke6 27. Kd2 Rcd8 28. Rxd8 Rxd8+ 29. Kc3 h5 30. Rc6+ Kf5 31. g3 a5 32.
Rc5+ Kg4 33. Rg5+ Kh3 34. Rxg6 Rd5 35. a3 Rc5+ 36. Kd3 Kxh2 37. g4+ Kh3 38.
gxh5 Rxh5 39. Rh6 Rxh6 40. Bxh6 Kg4 41. Kd4 Kf5 42. Kc5 b4 43. axb4 axb4 44. b3
Ke4 45. Kxb4 Kd5 46. Kb5 Kd6 47. Kb6 Kd7 48. b4 Kc8 49. Bf4 Kd7 50. Ka6 Ke6 51.
b5 Kf5 52. b6 Kxf4 53. b7 Ke5 54. b8=Q+ Ke4 55. Kb5 Kd5 56. Qd8+ Ke4 57. Kc4
Kf5 58. Qe8 Kf6 59. Kd5 Kf5 60. Qf8+ Kg4 61. Ke4 Kg5 62. Ke5 Kg4 63. Qf6 Kg3
64. Ke4 Kg4 65. Qg6+ Kh3 66. Kf4 Kh2 67. Kf3 Kh1 68. Kf2 Kh2 69. Qh5# 1-0

[Event "Tournoi Skype 017B"]
[Site "Skype"]
[Date "????.??.??"]
[Round "6.3"]
[White "Rugman, Dan"]
[Black "Sauvaget, Joel"]
[Result "1-0"]
[WhiteElo "1320"]
[BlackElo "1561"]
[PlyCount "27"]

1. e4 d6 2. d4 e6 3. Nc3 Nf6 4. f4 Be7 5. Nf3 O-O 6. Bd3 h6 7. O-O b6 8. e5
dxe5 9. fxe5 Nh7 10. Qe1 Bb7 11. Qg3 Nd7 12. Bxh6 g6 13. Bxg6 Bxf3 14. Bxh7+
1-0

[Event "Tournoi Skype 017B"]
[Site "Skype"]
[Date "????.??.??"]
[Round "6.4"]
[White "Milanese, Serge"]
[Black "Sepulveda, Lyda Marcela"]
[Result "0-1"]
[WhiteElo "1294"]
[BlackElo "1368"]
[PlyCount "78"]

1. e4 e5 2. Nf3 Nc6 3. Bc4 Bc5 4. d3 d6 5. h3 Na5 6. Bxf7+ Kxf7 7. O-O Nf6 8.
Be3 Bb6 9. Nc3 Rf8 10. b3 Kg8 11. Nd5 Nxd5 12. exd5 c5 13. Ng5 Bc7 14. Qh5 Bf5
15. Ne6 Bxe6 16. dxe6 Nc6 17. Qg4 Kh8 18. c3 d5 19. Bxc5 Re8 20. f4 Bb6 21.
Bxb6 Qxb6+ 22. Kh2 Qc7 23. Rae1 Re7 24. Qf5 exf4 25. Qxf4 Qxf4+ 26. Rxf4 Rae8
27. Ref1 Kg8 28. Rf7 Nd8 29. Rxe7 Rxe7 30. Rf5 Nxe6 31. Rxd5 Nf4 32. Rd8+ Kf7
33. Kg3 Ne2+ 34. Kg4 Nxc3 35. a4 a6 36. Rc8 Ne2 37. b4 Nd4 38. b5 axb5 39. axb5
Nxb5 0-1

[Event "Tournoi Skype 017B"]
[Site "Skype"]
[Date "????.??.??"]
[Round "6.6"]
[White "Galani, Mahendra"]
[Black "Talbot, Jacques"]
[Result "0-1"]
[WhiteElo "1448"]
[BlackElo "1452"]
[PlyCount "68"]

1. e4 e5 2. Bc4 Nf6 3. Nc3 Nc6 4. a3 d6 5. h3 Be7 6. Nf3 O-O 7. Nh2 Nd4 8. Ng4
Nxg4 9. hxg4 Be6 10. Bd3 Qd7 11. Nd5 Bxd5 12. exd5 c6 13. c3 Nb5 14. Bf5 Qd8
15. Qb3 g6 16. Be4 cxd5 17. Qxb5 dxe4 18. Qxb7 d5 19. d3 exd3 20. Bd2 Re8 21.
Qc6 Qd6 22. Qa4 e4 23. Qb3 Rab8 24. Qa2 Rb7 25. O-O-O Reb8 26. b4 a5 27. g3
axb4 28. axb4 Rc8 29. Kb2 Bf6 30. Qb3 Rxb4 31. Rc1 Rxb3+ 32. Kxb3 Qb8+ 33. Ka2
Qa7+ 34. Kb2 Rb8# 0-1

[Event "Tournoi Skype 017B"]
[Site "Skype"]
[Date "????.??.??"]
[Round "6.8"]
[White "Kruzeniski, Randy"]
[Black "Battaglia, Gabriele"]
[Result "1-0"]
[WhiteElo "1456"]
[BlackElo "1301"]
[PlyCount "101"]

1. d4 d6 2. Nf3 Bg4 3. Nbd2 Bxf3 4. Nxf3 d5 5. e3 Nf6 6. Bd3 e6 7. O-O Be7 8.
c4 c6 9. a3 O-O 10. b3 Nbd7 11. Bb2 Rc8 12. Ne5 Qc7 13. f4 Nxe5 14. fxe5 Nd7
15. Rf3 f6 16. Rh3 f5 17. Qh5 h6 18. Rf1 Bg5 19. Bc1 Rf7 20. Rg3 Nf8 21. h4 Bd8
22. Qxh6 g6 23. Qf4 Rh7 24. Rh3 Qe7 25. g3 g5 26. Qf2 g4 27. Rh2 Qf7 28. Kg2
Nd7 29. Rfh1 Be7 30. c5 Kg7 31. b4 b6 32. Ba6 Rb8 33. b5 bxc5 34. bxc6 Rb6 35.
cxd7 Rxa6 36. Qe2 Rc6 37. Qb5 Rb6 38. Qa4 a6 39. Qa5 Bd8 40. dxc5 Rb2+ 41. Bxb2
Bxa5 42. Bc3 Bc7 43. c6 Qe7 44. Bb4 Qd8 45. Bd6 Rh8 46. h5 Qb8 47. h6+ Kh7 48.
Rh5 Bxd6 49. exd6 Qxd6 50. Rg5 Qxc6 51. Rg7# 1-0

[Event "Tournoi Skype 017B"]
[Site "Skype"]
[Date "????.??.??"]
[Round "6.9"]
[White "Gerbaux, Regis"]
[Black "Martin, Jean-Claude"]
[Result "1/2-1/2"]
[WhiteElo "1311"]
[BlackElo "1455"]
[PlyCount "40"]

1. d4 e5 2. dxe5 Nc6 3. Nf3 Qe7 4. Nc3 Nxe5 5. Nd5 Nxf3+ 6. gxf3 Qd6 7. e4 c6
8. Nc3 Qxd1+ 9. Nxd1 d6 10. Nc3 Nf6 11. Bf4 Be7 12. O-O-O d5 13. exd5 Nxd5 14.
Nxd5 cxd5 15. Bb5+ Bd7 16. Bxd7+ Kxd7 17. Rxd5+ Kc6 18. Rhd1 Rad8 19. Rxd8 Rxd8
20. Rxd8 Bxd8 1/2-1/2

[Event "Tournoi Skype 017B"]
[Site "Skype"]
[Date "????.??.??"]
[Round "6.10"]
[White "Rivas, Jonathan"]
[Black "Torres, Vicky"]
[Result "1-0"]
[WhiteElo "1433"]
[BlackElo "1323"]
[PlyCount "36"]

1. e4 c5 2. Nf3 e6 3. Bc4 Nc6 4. c3 Nf6 5. Qe2 d6 6. O-O g6 7. d4 cxd4 8. cxd4
Bg7 9. Bg5 O-O 10. e5 d5 11. Bb3 h6 12. exf6 hxg5 13. fxg7 Kxg7 14. Qe3 g4 15.
Ne5 f5 16. Nd2 f4 17. Qd3 g3 18. Qxg6+ Kh8 1-0

[Event "Tournoi Skype 017B"]
[Site "Skype"]
[Date "????.??.??"]
[Round "6.11"]
[White "Dubois, Real"]
[Black "Sahrane, Juba"]
[Result "0-1"]
[WhiteElo "1410"]
[BlackElo "1222"]
[PlyCount "32"]

1. d4 d5 2. e3 g6 3. Bd3 Bg7 4. Nf3 Nf6 5. Nbd2 O-O 6. c3 b6 7. Qc2 Bb7 8. Ne5
Nbd7 9. Ndf3 c5 10. dxc5 Nxc5 11. Be2 e6 12. Nd3 Nce4 13. O-O Qd6 14. Bd2 Ng4
15. Be1 Ng5 16. Nxg5 Qxh2# 0-1

[Event "Tournoi Skype 017B"]
[Site "Skype"]
[Date "????.??.??"]
[Round "6.12"]
[White "Bustos, Ricardo"]
[Black "Lowery, Mike"]
[Result "1-0"]
[WhiteElo "1239"]
[BlackElo "1369"]
[PlyCount "39"]

1. c4 g6 2. d4 Bg7 3. Nf3 d6 4. Nc3 Nf6 5. Qa4+ Nbd7 6. e3 O-O 7. Be2 c6 8. Qc2
Re8 9. O-O e5 10. e4 exd4 11. Nxd4 Nc5 12. Bg5 h6 13. Bxf6 Qxf6 14. Rad1 Qe7
15. Bf3 Rb8 16. b4 Nd7 17. a4 Be5 18. g3 Qf6 19. Nce2 Qxf3 20. Nxf3 1-0

[Event "Tournoi Skype 017B"]
[Site "Skype"]
[Date "????.??.??"]
[Round "6.13"]
[White "Vincent, Andre"]
[Black "Karia, Kirti"]
[Result "0-1"]
[WhiteElo "1187"]
[BlackElo "1354"]
[PlyCount "70"]

1. Nf3 d5 2. d4 Nc6 3. e3 f6 4. c4 e5 5. a3 Bd6 6. cxd5 Nce7 7. Bb5+ Bd7 8.
Bxd7+ Qxd7 9. Nc3 O-O-O 10. O-O Qf5 11. e4 Qh5 12. Re1 Nh6 13. h3 Nf7 14. Nh2
Qg6 15. Qg4+ Kb8 16. Be3 f5 17. exf5 Qxf5 18. Qxf5 Nxf5 19. Ne4 exd4 20. Bxd4
Nxd4 21. Nc3 Nc2 22. Nf3 Nxa1 23. Rxa1 Be5 24. Rd1 Bxc3 25. bxc3 c6 26. c4 cxd5
27. cxd5 Rd6 28. g4 Rhd8 29. Re1 Rxd5 30. Re7 R5d7 31. Re3 a6 32. h4 Rd3 33.
Kg2 Rxe3 34. fxe3 Rd3 35. Kf2 Rxa3 0-1

[Event "Tournoi Skype 017B"]
[Site "Skype"]
[Date "????.??.??"]
[Round "6.14"]
[White "Tamditi, Ibrahim"]
[Black "Vervoort, Jean-Louis"]
[Result "1-0"]
[WhiteElo "1288"]
[BlackElo "1330"]
[PlyCount "25"]

1. e4 e5 2. Bc4 Bc5 3. Nf3 Nc6 4. O-O Nf6 5. Ng5 d5 6. exd5 Nxd5 7. Nxf7 Kxf7
8. Qf3+ Ke8 9. Bxd5 Qd7 10. Bxc6 bxc6 11. Qh5+ g6 12. Qxe5+ Be7 13. Qxh8+ 1-0

[Event "Tournoi Skype 017B"]
[Site "Skype"]
[Date "????.??.??"]
[Round "6.16"]
[White "Picard, Mario"]
[Black "Perrone, Gabriel Lorenzo"]
[Result "0-1"]
[WhiteElo "1350"]
[BlackElo "1390"]
[PlyCount "54"]

1. d4 Nf6 2. c4 d5 3. Nc3 Bf5 4. Nf3 a6 5. Bf4 c6 6. e3 Nbd7 7. Be2 e6 8. O-O
Be7 9. Qb3 Nh5 10. Qxb7 Nxf4 11. exf4 Qc8 12. Qb3 c5 13. dxc5 Qxc5 14. cxd5
exd5 15. Rac1 Be6 16. Rfd1 Nf6 17. Qb7 O-O 18. Rd4 Rfb8 19. Bxa6 Rxb7 20. Bxb7
Rb8 21. f5 Rxb7 22. fxe6 fxe6 23. b3 Ne4 24. Ne2 Qa3 25. Ra4 Qb2 26. Nfd4 Bf6
27. Rc7 Rxc7 0-1

[Event "Tournoi Skype 017B"]
[Site "Skype"]
[Date "????.??.??"]
[Round "6.17"]
[White "Hargez, Dany"]
[Black "Prasad, Sanjay"]
[Result "1-0"]
[WhiteElo "1421"]
[BlackElo "1231"]
[PlyCount "45"]

1. d4 c6 2. e4 d5 3. e5 Nd7 4. Bd3 e6 5. Nf3 Qb6 6. b3 c5 7. Be3 cxd4 8. Bxd4
Bc5 9. c3 f6 10. O-O Ne7 11. exf6 Nxf6 12. Bxf6 gxf6 13. Nd4 e5 14. Qh5+ Ng6
15. Bxg6+ Kd8 16. Nf5 Bxf5 17. Bxf5 h6 18. Nd2 Qc6 19. c4 dxc4 20. Nxc4 Rg8 21.
Bh3 Bf8 22. Rad1+ Kc7 23. Qf7+ 1-0

[Event "Tournoi Skype 017B"]
[Site "Skype"]
[Date "????.??.??"]
[Round "6.18"]
[White "Porcabeuf, Jean-Marc"]
[Black "Martin, Elise"]
[Result "1-0"]
[WhiteElo "1373"]
[BlackElo "1038"]
[PlyCount "39"]

1. d4 d5 2. c4 e6 3. a3 Nf6 4. Nc3 Nc6 5. e3 Bd6 6. Nf3 Na5 7. c5 Be7 8. Bd3
O-O 9. O-O Nh5 10. Re1 Nc6 11. e4 Bh4 12. Nxh4 Qxh4 13. exd5 exd5 14. h3 Bxh3
15. Nxd5 Nxd4 16. Re4 Nf5 17. Rxh4 Nxh4 18. Qxh5 Nf3+ 19. gxf3 Be6 20. Qxh7#
1-0

[Event "Tournoi Skype 017B"]
[Site "Skype"]
[Date "????.??.??"]
[Round "6.19"]
[White "Gieschen, Mike"]
[Black "Bouffard, Georges"]
[Result "0-1"]
[WhiteElo "1339"]
[BlackElo "1000"]
[PlyCount "90"]

1. Nf3 d5 2. d4 Nd7 3. Bf4 e6 4. e3 Be7 5. c4 c6 6. Bd3 Ngf6 7. O-O Nh5 8. Nbd2
g6 9. h3 Bf6 10. cxd5 exd5 11. Bh2 Ng7 12. Re1 Qb6 13. b3 Ne6 14. Qc2 Bd8 15.
a4 c5 16. a5 Qc6 17. dxc5 a6 18. b4 Nc7 19. Qb2 Nf6 20. Be5 O-O 21. Bd4 Be7 22.
e4 Be6 23. Bxf6 Rae8 24. Bxe7 Rxe7 25. exd5 Nxd5 26. Nd4 Qc8 27. Nxe6 fxe6 28.
Nf3 Ref7 29. Be4 Rf4 30. Re2 Qe8 31. Rae1 Qf7 32. g3 Rf6 33. h4 h6 34. Bxd5
exd5 35. Re3 Rxf3 36. Rxf3 Qxf3 37. Re3 Qd1+ 38. Kg2 d4 39. Qa2+ Rf7 40. Re8+
Kg7 41. Qe6 Qf3+ 42. Kh3 Qh1+ 43. Kg4 h5+ 44. Kg5 Qc1+ 45. Qe3 Rf5# 0-1

[Event "Tournoi Skype 017B"]
[Site "Skype"]
[Date "????.??.??"]
[Round "6.20"]
[White "Lemoine, Gerard"]
[Black "Lequeux, Pierre"]
[Result "1-0"]
[WhiteElo "1202"]
[BlackElo "1243"]
[PlyCount "65"]

1. d4 Nf6 2. c4 c5 3. Bg5 Qa5+ 4. Nd2 cxd4 5. b4 Qxg5 6. Ngf3 Qf5 7. Nxd4 Qf4
8. N4f3 d5 9. e3 Qc7 10. cxd5 Nxd5 11. b5 g6 12. Bc4 Be6 13. Ng5 Nc3 14. Qb3
Bg7 15. Bxe6 fxe6 16. Nxe6 Qe5 17. Nxg7+ Qxg7 18. Rc1 Nxa2 19. Rc8+ Kd7 20.
Rxh8 Qxh8 21. Qxa2 Ke8 22. O-O Qc3 23. Qd5 Nd7 24. Ne4 Qc8 25. Ng5 Nf6 26. Qf7+
Kd7 27. Qe6+ Ke8 28. Qf7+ Kd7 29. Rd1+ Kc7 30. Qxe7+ Nd7 31. Rc1+ Kb8 32. Rxc8+
Kxc8 33. Qe8+ 1-0

[Event "Tournoi Skype 017B"]
[Site "Skype"]
[Date "????.??.??"]
[Round "6.21"]
[White "Guillaume, Mickael"]
[Black "Homme, Jim"]
[Result "1-0"]
[WhiteElo "1000"]
[BlackElo "1236"]
[PlyCount "45"]

1. e4 e5 2. Nf3 Nc6 3. Bc4 Nf6 4. Ng5 d5 5. exd5 Nxd5 6. Nc3 Qxg5 7. Nxd5 Bd6
8. d3 Qxg2 9. Rf1 Nd4 10. f3 Qxh2 11. Nb4 Qh4+ 12. Rf2 Bh3 13. Be3 Nf5 14. Qe2
Ng3 15. Qd2 O-O 16. O-O-O Nf5 17. Nd5 Nxe3 18. Qxe3 Be6 19. Nc3 Bf5 20. d4 e4
21. fxe4 Bg3 22. Rxf5 Rfe8 23. Bxf7+ 1-0

[Event "Tournoi Skype 017B"]
[Site "Skype"]
[Date "????.??.??"]
[Round "6.22"]
[White "Moumtaz, Abderrahim"]
[Black "Blaevoet, Rebecca"]
[Result "1-0"]
[WhiteElo "1216"]
[BlackElo "1177"]
[PlyCount "121"]

1. e4 e5 2. Nf3 d6 3. Bc4 Nc6 4. Ng5 Be6 5. d3 Be7 6. Bxe6 fxe6 7. Nxe6 Qd7 8.
Nxg7+ Kf8 9. Nf5 Re8 10. O-O Nf6 11. Nc3 Bd8 12. Bh6+ Kf7 13. Nd5 Ke6 14. Ng7+
Kf7 15. Nxe8 Rxe8 16. Nxf6 Bxf6 17. Qf3 Nd4 18. Qh5+ Ke7 19. Rac1 Rg8 20. Bg5
Bxg5 21. Qxh7+ Ke6 22. Qxd7+ Kxd7 23. Rcd1 Bh6 24. Rfe1 Nf3+ 25. Kf1 Nxh2+ 26.
Ke2 Rxg2 27. Rg1 Rg4 28. a4 a5 29. c4 b6 30. Rb1 Kc6 31. b4 Rf4 32. c5 Rg4 33.
Rxg4 Nxg4 34. cxb6 cxb6 35. b5+ Kc5 36. Rg1 Nh2 37. Rh1 Ng4 38. Kf3 Kd4 39.
Kxg4 Bd2 40. Rd1 Kxd3 41. Kf3 Kc2 42. Ke2 Kc3 43. Rxd2 Kb4 44. Rxd6 Kxa4 45.
Rxb6 Kb4 46. Kd3 a4 47. Kc2 a3 48. Kb1 Kb3 49. Ra6 Kb4 50. b6 Kb5 51. Rxa3 Kxb6
52. Rb3+ Kc5 53. Kc2 Kd4 54. Rb4+ Kc5 55. Kc3 Kd6 56. Rb6+ Kc5 57. Re6 Kb5 58.
Rxe5+ Kc6 59. Kd4 Kd6 60. f4 Kd7 61. f5 1-0

[Event "Tournoi Skype 017B"]
[Site "Skype"]
[Date "????.??.??"]
[Round "6.23"]
[White "Amato, Ludovica"]
[Black "Bhandari, Dattatrey"]
[Result "1/2-1/2"]
[WhiteElo "1207"]
[BlackElo "1134"]
[PlyCount "50"]

1. e4 Nf6 2. Nc3 e5 3. Nf3 d6 4. Bc4 Bg4 5. O-O Nxe4 6. Nxe4 d5 7. Nf6+ gxf6 8.
Be2 Bxf3 9. Bxf3 Nc6 10. c3 Bc5 11. d4 Nxd4 12. cxd4 Bxd4 13. Bh6 Qd6 14. Qd3
f5 15. Qxf5 Qg6 16. Qh3 e4 17. Bg4 Rg8 18. Bd7+ Kd8 19. g3 Qd6 20. Ba4 Rg6 21.
Bf4 Qe6 22. Qxh7 c6 23. Bd1 Rg7 24. Qh8+ Qe8 25. Qxe8+ Kxe8 1/2-1/2

[Event "Tournoi Skype 017B"]
[Site "Skype"]
[Date "????.??.??"]
[Round "6.24"]
[White "Talbot, Jean"]
[Black "Cengiz, Cem"]
[Result "0-1"]
[WhiteElo "1031"]
[BlackElo "1391"]
[PlyCount "36"]

1. e4 e5 2. Nf3 Nc6 3. Bc4 Nf6 4. d3 Bc5 5. O-O O-O 6. Be3 Bd4 7. Bxd4 Nxd4 8.
Nxd4 exd4 9. Re1 d5 10. e5 dxc4 11. exf6 Qxf6 12. dxc4 c5 13. c3 dxc3 14. bxc3
b6 15. a4 Bb7 16. Re3 Qg5 17. Rg3 Rad8 18. Rxg5 Rxd1# 0-1

[Event "Tournoi Skype 017B"]
[Site "Skype"]
[Date "????.??.??"]
[Round "6.25"]
[White "Alverson, Ginny"]
[Black "Baker, Abi"]
[Result "1-0"]
[WhiteElo "1124"]
[BlackElo "1149"]
[PlyCount "97"]

1. Nf3 d5 2. d4 g6 3. e3 Bg7 4. Bd3 Nc6 5. O-O Qd6 6. Nbd2 Bd7 7. c4 Nb4 8. Qb3
b5 9. c5 Qc6 10. Qxb4 a5 11. Qxb5 Qxb5 12. Bxb5 Bxb5 13. Re1 O-O-O 14. a4 Bc6
15. Nb3 e6 16. Bd2 Ne7 17. Ng5 Rhf8 18. Nxh7 Rh8 19. Ng5 Rh4 20. Nxf7 Rf8 21.
Ng5 Bd7 22. Nf3 Rh5 23. e4 g5 24. exd5 g4 25. Re3 Nxd5 26. Ne5 Nxe3 27. Bxe3
Bxe5 28. dxe5 Rxe5 29. Bd4 Rh5 30. Bg7 Rf7 31. Bc3 e5 32. Nxa5 e4 33. c6 Bxc6
34. Nxc6 Kd7 35. Ne5+ Ke6 36. Nxf7 Kxf7 37. a5 c5 38. a6 Ke6 39. a7 e3 40. Ra6+
Kd5 41. a8=Q+ Kc4 42. Ra4+ Kb3 43. Ra3+ Kc2 44. Qe4+ Kd1 45. Qxg4+ e2 46. Ra1+
Kc2 47. Qxe2+ Kb3 48. Qxh5 c4 49. Ra3+ 1-0

[Event "Tournoi Skype 017B"]
[Site "Skype"]
[Date "????.??.??"]
[Round "6.26"]
[White "Douichi, Mohammed"]
[Black "Mimouni, Driss"]
[Result "1-0"]
[WhiteElo "1172"]
[BlackElo "1199"]
[PlyCount "73"]

1. e4 e5 2. Nf3 d6 3. Bc4 Be6 4. Bb5+ c6 5. Ba4 Nf6 6. Nc3 b5 7. Bxb5 cxb5 8.
Nxb5 a6 9. Nc3 Ra7 10. d4 exd4 11. Nxd4 Bg4 12. Nce2 d5 13. e5 Ne4 14. c3 Bh5
15. Qa4+ Nc6 16. Nxc6 Qc7 17. Nxa7+ Ke7 18. Nc6+ Qxc6 19. Qxc6 f6 20. Qxd5 Nd6
21. Qxd6+ Kf7 22. Qd7+ Be7 23. e6+ Kg6 24. Qxe7 h6 25. Qf7+ Kh7 26. Qxh5 Rg8
27. Qf5+ g6 28. Qxf6 Rg7 29. Nf4 g5 30. Qf5+ Kg8 31. Nh5 Rh7 32. Nf6+ Kg7 33.
Nxh7 Kh8 34. e7 h5 35. Bxg5 h4 36. Qg6 h3 37. Bf6# 1-0

[Event "Tournoi Skype 017B"]
[Site "Skype"]
[Date "????.??.??"]
[Round "6.27"]
[White "Farthouat, Catherine"]
[Black "Morin, Claude"]
[Result "1-0"]
[WhiteElo "1197"]
[BlackElo "1037"]
[PlyCount "67"]

1. e4 e5 2. Nf3 d6 3. Nc3 Nf6 4. h3 Be7 5. Bc4 O-O 6. O-O b6 7. Re1 Bb7 8. d4
Nbd7 9. d5 h6 10. b3 c5 11. Bb2 a6 12. a4 Nh5 13. Be2 Bh4 14. g3 Nxg3 15. Kg2
Nh5 16. Kh2 g5 17. Nxh4 gxh4 18. Bxh5 Kh7 19. Rg1 Rg8 20. Bg4 Nf6 21. Qf3 Bc8
22. Bf5+ Kh8 23. Rxg8+ Qxg8 24. Bxc8 Rxc8 25. Qxf6+ Qg7 26. Qxd6 Qg6 27. Qxe5+
Kh7 28. Rg1 Qxg1+ 29. Kxg1 Rg8+ 30. Kf1 b5 31. Nxb5 axb5 32. Qf5+ Rg6 33. Qxf7+
Rg7 34. Qxg7# 1-0

[Event "Tournoi Skype 017B"]
[Site "Skype"]
[Date "????.??.??"]
[Round "6.28"]
[White "Gagnon, Sindy"]
[Black "Tu, Harrison"]
[Result "1-0"]
[WhiteElo "1000"]
[BlackElo "1199"]
[PlyCount "25"]

1. e4 e5 2. Nc3 Nf6 3. Nf3 Bc5 4. d4 Bb4 5. dxe5 Bxc3+ 6. bxc3 Nh5 7. Bc4 O-O
8. Ng5 Qxg5 9. Bxg5 c6 10. Qxh5 d5 11. exd5 cxd5 12. Bd3 Nc6 13. Qxh7# 1-0

[Event "Tournoi Skype 017B"]
[Site "Skype"]
[Date "????.??.??"]
[Round "7.1"]
[White "Briere, Jean"]
[Black "Farthouat, Titoine"]
[Result "0-1"]
[WhiteElo "1487"]
[BlackElo "1398"]
[PlyCount "64"]

1. e4 c5 2. Nf3 d6 3. d4 cxd4 4. Nxd4 g6 5. Nc3 Bg7 6. Bc4 Nf6 7. h3 O-O 8. O-O
b6 9. Re1 Bb7 10. Nd5 Nbd7 11. Nf3 e6 12. Nxf6+ Nxf6 13. e5 dxe5 14. Nxe5 Qxd1
15. Rxd1 Rad8 16. Bg5 Bd5 17. Bxd5 Rxd5 18. Rxd5 Nxd5 19. Nd3 Rc8 20. Rc1 f6
21. Bd2 f5 22. c4 Nf6 23. b3 Rd8 24. Bc3 Rxd3 25. Bxf6 Bxf6 26. f3 Rd2 27. Re1
Bh4 28. Rxe6 Bg3 29. Kf1 Rf2+ 30. Kg1 Rxa2 31. Kf1 Ra1+ 32. Ke2 Re1+ 0-1

[Event "Tournoi Skype 017B"]
[Site "Skype"]
[Date "????.??.??"]
[Round "7.2"]
[White "Cossalter, Maurizio"]
[Black "Sepulveda, Lyda Marcela"]
[Result "1-0"]
[WhiteElo "1447"]
[BlackElo "1368"]
[PlyCount "63"]

1. e4 e5 2. f4 d5 3. exd5 e4 4. Nc3 Nf6 5. d3 c6 6. dxe4 Nxe4 7. Nxe4 Qe7 8.
Bd3 cxd5 9. Bb5+ Nc6 10. Qxd5 Bd7 11. Ne2 O-O-O 12. O-O Bg4 13. Qc4 Bxe2 14.
Qxe2 f5 15. Bxc6 bxc6 16. Qa6+ Kb8 17. Ng3 Qe6 18. b3 Bc5+ 19. Kh1 Rhe8 20. Bb2
g6 21. Be5+ Ka8 22. Rad1 Rxd1 23. Rxd1 Bb6 24. Rd6 Qc8 25. Qc4 Kb7 26. Qf7+ Bc7
27. Rd7 Rd8 28. Rxc7+ Ka6 29. Rxa7+ Kb6 30. Bc7+ Kxa7 31. Bxd8+ Ka8 32. Bb6 1-0

[Event "Tournoi Skype 017B"]
[Site "Skype"]
[Date "????.??.??"]
[Round "7.3"]
[White "Bousbia, Amine"]
[Black "Rugman, Dan"]
[Result "1/2-1/2"]
[WhiteElo "1418"]
[BlackElo "1320"]
[PlyCount "95"]

1. f4 d6 2. Nf3 Bg4 3. Ng5 h6 4. Ne4 e5 5. fxe5 dxe5 6. Nbc3 Nf6 7. g3 Nxe4 8.
Nxe4 Qd7 9. Bg2 c6 10. O-O Na6 11. c3 Nc7 12. Bf3 Bh3 13. Bg2 Bxg2 14. Kxg2
O-O-O 15. Qb3 f6 16. d3 Ne6 17. Be3 Kb8 18. Rac1 Be7 19. a4 Ng5 20. Bxg5 hxg5
21. Rf2 Qh3+ 22. Kg1 Qd7 23. Rcf1 Rdf8 24. Qc4 f5 25. Nc5 Bxc5 26. Qxc5 Qe6 27.
e4 f4 28. d4 exd4 29. cxd4 Qxe4 30. gxf4 Rxf4 31. Qd6+ Ka8 32. Rxf4 gxf4 33.
Qxf4 Qxf4 34. Rxf4 Kb8 35. b4 Rd8 36. Kf2 g5 37. Re4 Rd5 38. Ke3 Rd8 39. Re7
Rh8 40. Re5 Rxh2 41. Rxg5 Rh3+ 42. Ke4 Ra3 43. a5 Ra4 44. Rg8+ Kc7 45. Rg7+ Kc8
46. Rg8+ Kc7 47. Rg7+ Kc8 48. Rg8+ 1/2-1/2